| 000 | 01499nam a22004690a 4500 | ||
|---|---|---|---|
| 001 | PT27077 | ||
| 003 | AR-LpoUNG | ||
| 005 | 20210131233326.0 | ||
| 008 | 191001s2007||||ag |||||||||||||||||spa d | ||
| 020 |
_a9789870700135 _c$30,1 |
||
| 040 |
_aAR-LpoUNG _bspa _cAR-LpoUNG _eaacr |
||
| 041 | _aspa | ||
| 044 | _aag | ||
| 082 | 0 | _a982.065 268mal | |
| 100 | 1 | _aCardoso, Oscar Raúl | |
| 245 | 1 | 0 |
_aMalvinas : _bla trama secreta |
| 250 | _a1ra ed. | ||
| 260 |
_aBuenos Aires : _bArte Gráfico Editorial Argentino, _c2007. |
||
| 300 |
_a479 p. : _bil., gráfs. |
||
| 520 | _a<p>Relato histórico y político que se impuso como eje de cualquier revisión de la guerra de Malvinas, mostrando que la realidad no es más que una parte de la verdad y que a la otra parte había que encontrarla escarbando detrás de cada declaración y de cada acción.</p> | ||
| 650 | 4 | _aACCESO A LA INFORMACION | |
| 650 | 4 | _aARGENTINA | |
| 650 | 4 | _aCOMUNICACION | |
| 650 | 4 | _aCONFIDENCIALIDAD | |
| 650 | 4 | _aDICTADURA | |
| 650 | 4 | _aDIFUSION DE LA INFORMACION | |
| 650 | 4 | _aENTREVISTAS | |
| 650 | 4 | _aFUERZAS ARMADAS | |
| 650 | 4 | _aGOBIERNO MILITAR | |
| 650 | 4 | _aGRAN BRETAÑA | |
| 650 | 4 | _aGUERRA | |
| 650 | 4 | _aHISTORIA | |
| 650 | 4 | _aIMPERIALISMO | |
| 650 | 4 | _aPOLITICA INTERNACIONAL | |
| 650 | 4 | _aTRANSFERENCIA DE INFORMACION | |
| 650 | 4 | _aVICTIMAS | |
| 651 | 4 | _aArgentina | |
| 700 | 1 | _aKirschbaum, Ricardo | |
| 700 | 1 | _aKooy, Eduardo Van Der | |
| 905 | _a27077 | ||
| 942 | _cLSALA | ||
| 999 |
_c20088 _d20088 |
||